| 000 | 03568cgm a2200685Ia 4500 | ||
|---|---|---|---|
| 003 | data | ||
| 005 | 20260322212035.0 | ||
| 007 | data | ||
| 008 | data | ||
| 020 | _a1419802453 | ||
| 020 | _a9781419802454 | ||
| 024 | 1 | _a012569593503 | |
| 028 | 4 | 1 |
_a59350 _bWarner Home Video |
| 037 |
_bMidwest Tapes _nhttp://www.midwesttapes.com |
||
| 040 |
_aTEFMT _cTEFMT _dUMC _dRCS _dMNL _dEHH _dZ5U _dOCLCQ _dFDAGB _dUMC |
||
| 041 | 1 |
_aspa _afre _aspa _jspa _jfre _jspa _heng |
|
| 050 | 4 |
_aPN1997.5 _b.T548 2005 |
|
| 050 | 1 | 4 |
_aPS3612.Y45 _bT56 2005 |
| 082 | 0 | 4 |
_a791.43/72 _222 |
| 082 | 0 | 4 |
_a791.4334 _222 |
| 099 | _aDVD 722 | ||
| 245 | 1 | 0 |
_aTim Burton's Corpse bride _h[videorecording] / _cTim Burton ... [et al.]. |
| 246 | 3 | 0 | _aCorpse bride. |
| 250 | _aFull screen ed. | ||
| 260 |
_a[Burbank, CA] : _bWarner Home Video, _c[2005] |
||
| 300 |
_a1 videodisc (ca. 77 min.) : _bsd., col. ; _c4 3/4 in. |
||
| 500 | _aOriginally released as a motion picture in 2005. | ||
| 500 | _aSpecial features: "Inside the two worlds": includes interviews, behind-the-scenes footage, and production drawings (4 min.); Danny Elfman interprets the two worlds (5 min.); "The animators: the breath of life" featurette (7 min.); "Tim Burton: Dark vs. light" featurette (4 min.); "Voices from the underworld" featurette (6 min.); Making puppets tick (7 min.); "The voices behind the voice" (8 min.); 'The corpse bride' pre-production galleries (14 min.); music-only track; trailer (2 min.). | ||
| 506 | _aFor private home use only. | ||
| 508 | _aDirector of photography, Pete Kozachik ; art director, Nelson Lowry ; editors, Jonathan Lucas, Chris Lebenzon ; music, Danny Elfman ; production designer, Alex McDowell ; visual effects supervisors, Pete Kozachik, Jessica Norman. | ||
| 511 | 0 | _aVoices: Johnny Depp, Helena Bonham Carter, Emily Watson, Tracey Ullman, Paul Whitehouse, Joanna Lumley, Albert Finney, Richard E. Grant, Christopher Lee. | |
| 520 | _aVictor has messed up his vows during a wedding rehearsal, and is traveling through the woods, reciting his vows. He stops to rest in the woods, and while practicing. He finally gets them right and ceremoniously puts the wedding ring on a finger-shaped stick in the ground and says his wedding vows. The stick turns out to be a rotted finger belonging to a murdered girl who has returned as a zombie and insists that she is now Victor's lawfully wedded wife. | ||
| 521 | 8 | _aMPAA rating: PG; for some scary images and action, and brief mild language. | |
| 538 | _aDVD, region 1, full screen (1.33:1) presentation. | ||
| 546 | _aClosed-captioned; dialogue in English, French or Spanish with optional subtitles in English, French or Spanish. | ||
| 650 | 0 |
_aBrides _vDrama. |
|
| 650 | 0 |
_aMarriage service _vDrama. |
|
| 650 | 0 |
_aMurder victims _vDrama. |
|
| 655 | 0 | _aFeature films. | |
| 655 | 0 | _aFantasy films. | |
| 655 | 0 | _aRomance films. | |
| 655 | 0 | _aStop-motion animation films. | |
| 655 | 7 |
_aComedy _vFeature. _vFeature. _2migfg. |
|
| 655 | 7 |
_aFantasy _vFeature. _vFeature. _2migfg. |
|
| 655 | 0 | _aVideo recordings for the hearing impaired. | |
| 700 | 1 |
_aBurton, Tim, _d1958- |
|
| 700 | 1 |
_aJohnson, Mike _q(Michael W.) |
|
| 700 | 1 | _aAbbate, Allison. | |
| 700 | 1 | _aDepp, Johnny. | |
| 700 | 1 |
_aBonham Carter, Helena, _d1966- |
|
| 700 | 1 |
_aWatson, Emily, _d1967- |
|
| 700 | 1 | _aUllman, Tracey. | |
| 700 | 1 | _aWhitehouse, Paul. | |
| 700 | 1 | _aKozachik, Pete. | |
| 700 | 1 | _aElfman, Danny. | |
| 710 | 2 | _aWarner Bros. Pictures (1969- ) | |
| 710 | 2 | _aLAIKA (Firm) | |
| 710 | 2 | _aWarner Home Video (Firm) | |
| 001 | data | ||
| 999 |
_c807 _d807 |
||